Unlocking the Potential of Migrants in Germany

Guardado en:
Detalles Bibliográficos
Autor principal: Bergseng, Benedicte
Formato: Libro
Lenguaje:inglés
Publicado: Paris OECD 2019
Colección:OECD Reviews of Vocational Education and Training
Materias:
Etiquetas: Agregar Etiqueta
Sin Etiquetas, Sea el primero en etiquetar este registro!

MARC

LEADER 00000nam a2200000 4500
001 0266945
005 20221220065328.4
020 |a 978-92-64-77237-3 
041 0 |a eng 
044 |a FR 
245 1 0 |a Unlocking the Potential of Migrants in Germany  |c Benedicte Bergseng... [et. al.] 
264 1 |a Paris  |b OECD  |c 2019 
300 |a 111 s. 
490 1 |a OECD Reviews of Vocational Education and Training 
830 0 |a OECD Reviews of Vocational Education and Training 
610 2 0 |a vzdelávanie 
610 2 0 |a príprava odborná 
610 2 0 |a migrácia 
610 2 0 |a mládež 
610 2 0 |a flexibilita 
610 2 0 |a riadenie 
610 2 0 |a porovnanie štatistické medzinárodné 
610 2 0 |a Nemecko 
100 1 |a Bergseng, Benedicte